000 01475nam a2200445 i 4500
001 15446
003 KOSZ 005
005 20200630081801.0
008 200416s1973 pl a f 000 0 pol
015 _aUWD 1973/3192
035 _a991033090819705066
035 _a(PL-WaBN)b18867418-48omnis_nlop
035 _ab18867418
035 _a(OCoLC)749405671
035 _a(PL)b0000001886741
035 _a(EXLNZ-48OMNIS_NETWORK)9910521652205606
040 _aWA N
_cWA N
_dKOSZ 005/RW
046 _k1973
080 _a512
080 _a(076)
100 1 _aEhrenfeucht, Aniela
_d(1905-2000)
_eAutor
245 1 0 _aZbiór zadań z matematyki elementarnej :
_balgebra /
_cAniela Ehrenfeuch, Olga Stande.
260 _aWarszawa :
_bPaństwowe Wydawnictwo Naukowe,
_c1973.
300 _a361, [2] stron :
_bilustracje, errata ;
_c24 cm.
336 _aTekst
_btxt
_2rdacontent
337 _aBez urządzenia posredniczącego
_bn
_2rdamedia
338 _aWolumin
_bnc
_2rdacarrier
380 _aKsiążki
380 _aPublikacje dydaktyczne
388 _a1901-2000
388 _a1945-1989
650 7 _aAlgebra
_2DBN
655 7 _aĆwiczenia i zadania
_2DBN
658 _aMatematyka
700 1 _aStande, Olga
_eAutor
710 2 _aPaństwowe Wydawnictwo Naukowe
_4pbl
856 _uhttp://koha.tu.koszalin.pl/cgi-bin/koha/opac-detail.pl?biblionumber=15446
_yKatalog online BPK
942 _2UKD
_cKS
999 _c15446
_d15446